000 00520nam a2200205Ia 4500
005 20250326143114.0
008 250326s9999 xx 000 0 und d
020 _a0-256-17329-X
037 _aTextbook
040 _aFMSL
_beng
_cFMSL
041 _aeng
_2eng
084 _aX7.73 N8
_qFMSL
100 _aRosen H S
_9742328
245 0 _aPublic fice
_cRosen H S
250 _a5
260 _aUSA
_bUSA, Irwin McGraw-Hill
_c1998
300 _a605p
942 _cTB
_hX7.73 N8
999 _c1298117
_d1298117